Statistiche per Paesi che contengono una lettera - F

Clicka qui per fare il quiz!

Statistiche generali

  • Questo quiz è stato fatto 66 volte
  • Il punteggio medio è 5 su 9

Statistiche sulle risposte

CategoriaPaese% Corretto
1 x FFinlandia
93%
1 x FFrancia
89%
1 x FFigi
80%
1 x FFilippine
76%
1 x FAfghanistan
64%
1 x FSudafrica
38%
1 x FBurkina Faso
36%
1 x FRepubblica Centrafricana
33%
1 x FStati Federati di Micronesia
31%

Distribuzione punteggi

Percentile per numero di risposta

Percentuale di utenti per punteggio

I tuoi punteggi nel tempo

Non hai fatto questo quiz